| 000 | 00884nam a2200277Ia 4500 | ||
|---|---|---|---|
| 003 | OSt | ||
| 005 | 20250910143314.0 | ||
| 008 | 220909b |||||||| |||| 00| 0 eng d | ||
| 037 | _cTextual | ||
| 040 |
_aCSL _beng _cCSL |
||
| 041 | _aeng | ||
| 084 |
_aE5:3,E5, K7;N1;1 _qCSL |
||
| 100 |
_aSilverstein, Robert M. _9820972 |
||
| 245 | 0 | _aSpectrometric indentification of organic compounds | |
| 250 | _a5th | ||
| 260 |
_aNew York, _bJohn Wiley & Sons: _c1991 |
||
| 300 |
_a419p. _b: ill. |
||
| 500 | _aIndex 417-419p. | ||
| 650 |
_a Spectrometric _9820973 |
||
| 650 |
_aChemistry _9820974 |
||
| 700 |
_aSilverstein, Robert M. _9820972 |
||
| 700 |
_aMorrill, Terence C. _9820975 |
||
| 700 |
_aBassler, Clayton G. _9820976 |
||
| 942 |
_hE5:3,E5, K7;N1;1 _cTEXL _2CC _n0 |
||
| 999 |
_c98798 _d98798 |
||